Về vấn đề sử dụng từ ngữ Hán Nôm trong thời kỳ hiện đại hoá /

Sparad:
Bibliografiska uppgifter
Huvudupphovsman: Trần Khuê.
Materialtyp: Artikel
Språk:Vietnamese
Ämnen:
Taggar: Lägg till en tagg
Inga taggar, Lägg till första taggen!
Thư viện lưu trữ: Thư viện Trường Đại học Đà Lạt
LEADER 00734nam a2200253 4500
001 DLU090073204
005 ##20090508
040 # # |a DLU  |b vie 
041 # # |a vie 
044 # # |a vn 
100 # # |a Trần Khuê. 
245 # # |a Về vấn đề sử dụng từ ngữ Hán Nôm trong thời kỳ hiện đại hoá /  |c Trần Khuê. 
653 # # |a Từ Hán Việt 
653 # # |a Tiếng Việt 
773 # # |t Khoa học Xã hội  |g Số 32, 1997, tr. 76-78 
920 # # |a Phòng Tạp chí -- Trung tâm Thông tin - Thư viện Trường Đại học Đà Lạt 
994 # # |a DLU 
900 # # |a True 
911 # # |a Nguyễn Thanh Hương 
925 # # |a G 
926 # # |a A 
927 # # |a BB 
980 # # |a Thư viện Trường Đại học Đà Lạt